Французские местоимения - Statistics

General Stats
  • This quiz has been taken 8 times
  • The average score is 14 of 24
Answer Stats
Hint Answer % Correct
Она elle
100%
Он il
100%
Я Je
100%
Мы nous
100%
Ты Tu
100%
Вы vous
100%
Они (ж) elles
75%
Нас nous
75%
Нам nous
75%
Вас vous
75%
Вам vous
75%
Они (м) ils
50%
Меня me
50%
Мне me
50%
Тебя te
50%
Тебе te
50%
Её la
25%
Его le
25%
Их (м) les
25%
Их (ж) les
25%
Им (м) leur
25%
Им (ж) leur
25%
Ему lui
25%
Ей lui
25%
No matching quizzes found
Score Distribution
Percent of People with Each Score
Percentile by Number Answered
Your Score History
You have not taken this quiz